| 000 | 00547nam a22002057a 4500 | ||
|---|---|---|---|
| 003 | CEME | ||
| 005 | 20210628203823.0 | ||
| 008 | 210115b xxu||||| |||| 00| 0 eng d | ||
| 020 | _a9788131754160 | ||
| 040 | _c. | ||
| 082 | _a302.35 JON | ||
| 100 |
_aJones, Gareth R _967423 |
||
| 245 | _aOrganizational theory, design, and change | ||
| 250 | _a6TH | ||
| 260 |
_aINDIA _bPEARSON EDUCATION _c2014 |
||
| 300 | _aXXIV, 543P | ||
| 650 |
_aORGANIZATIONAL THEORY, DESIGN, AND CHANGE _967424 |
||
| 700 |
_aMATHEW, MARY _967425 |
||
| 942 |
_cBK _2ddc |
||
| 999 |
_c575211 _d575211 |
||